In The Eye of the Sun / (Record no. 11609)
[ view plain ]
| 000 -LEADER | |
|---|---|
| fixed length control field | 01267cam a2200301 a 4500 |
| 001 - CONTROL NUMBER | |
| control field | 4870752 |
| 005 - DATE AND TIME OF LATEST TRANSACTION | |
| control field | 19930930083848.6 |
| 008 - FIXED-LENGTH DATA ELEMENTS--GENERAL INFORMATION | |
| fixed length control field | 921104s1993 nyu 000 1 eng |
| 010 ## - LIBRARY OF CONGRESS CONTROL NUMBER | |
| LC control number | 92041012 |
| 020 ## - INTERNATIONAL STANDARD BOOK NUMBER | |
| International Standard Book Number | 0679409483 |
| Terms of availability | $25.00 |
| 040 ## - CATALOGING SOURCE | |
| Original cataloging agency | DLC |
| Transcribing agency | DLC |
| Modifying agency | DLC |
| -- | OCoLC |
| 043 ## - GEOGRAPHIC AREA CODE | |
| Geographic area code | e-uk-en |
| -- | f-ua--- |
| 050 00 - LIBRARY OF CONGRESS CALL NUMBER | |
| Classification number | PR6069.O78 |
| Item number | I5 1993 |
| 082 00 - DEWEY DECIMAL CLASSIFICATION NUMBER | |
| Classification number | 823.914 |
| Edition number | 20 |
| Item number | SOU |
| 100 1# - MAIN ENTRY--PERSONAL NAME | |
| Personal name | Soueif, Ahdaf. |
| 9 (RLIN) | 5095 |
| 245 10 - TITLE STATEMENT | |
| Title | In The Eye of the Sun / |
| Statement of responsibility, etc | Ahdaf Soueif. |
| 250 ## - EDITION STATEMENT | |
| Edition statement | 1st American ed. |
| 260 ## - PUBLICATION, DISTRIBUTION, ETC. (IMPRINT) | |
| Place of publication, distribution, etc | New York : |
| Name of publisher, distributor, etc | Pantheon Books, |
| Date of publication, distribution, etc | [1993], c1992. |
| 300 ## - PHYSICAL DESCRIPTION | |
| Extent | 791 p. ; |
| Dimensions | 25 cm. |
| 500 ## - GENERAL NOTE | |
| General note | "Originally published in Great Britain by Bloomsbury Publishing Ltd., London in 1992"--T.p. verso. |
| 650 #0 - SUBJECT ADDED ENTRY--TOPICAL TERM | |
| Topical term or geographic name as entry element | Egyptians |
| Geographic subdivision | England |
| General subdivision | Fiction. |
| 9 (RLIN) | 5096 |
| 651 #0 - SUBJECT ADDED ENTRY--GEOGRAPHIC NAME | |
| Geographic name | Egypt |
| General subdivision | Fiction. |
| 9 (RLIN) | 5097 |
| 651 #0 - SUBJECT ADDED ENTRY--GEOGRAPHIC NAME | |
| Geographic name | England |
| General subdivision | Fiction. |
| 9 (RLIN) | 5098 |
| 655 #7 - INDEX TERM--GENRE/FORM | |
| Genre/form data or focus term | Historical fiction. |
| Source of term | gsafd |
| -- | 5099 |
| 942 ## - ADDED ENTRY ELEMENTS (KOHA) | |
| Source of classification or shelving scheme | Dewey Decimal Classification |
| Item type | Book - Borrowing |
| Withdrawn status | Item status | Source of classification or shelving scheme | Damaged status | Not for loan | Vendor | Home library | Current library | Shelving location | Date acquired | Source of acquisition | Cost, normal purchase price | Serial Enumeration / chronology | Total Checkouts | Total Renewals | Full call number | Barcode | Checked out | Date last seen | Date last borrowed | Koha item type |
|---|---|---|---|---|---|---|---|---|---|---|---|---|---|---|---|---|---|---|---|---|
| Dewey Decimal Classification | Diwan | Central Library | Central Library | Second Floor | 25/05/2009 | 63.00 | 4416 | 6 | 31 | 823.914 SOU | 000016139 | 14/05/2026 | 13/03/2022 | 13/03/2022 | Book - Borrowing |